| 000 | 00525nam a22001937a 4500 | ||
|---|---|---|---|
| 003 | LK-CoMWRAF | ||
| 005 | 20231218154011.0 | ||
| 008 | 231218b2005 |||||||| |||| 00| 0 eng d | ||
| 040 |
_aLK-CoMWRAF _dLK-CoMWRAF _eLK-CoMWRAF |
||
| 041 | _aeng | ||
| 082 |
_a305.42 _bGOM |
||
| 100 | _aGomez, Shyamala. | ||
| 245 | _aA study on gender based violence in the Batticaloa district | ||
| 260 |
_aBatticaloa: _bCARE International, _c2005 |
||
| 300 | _a93 p. | ||
| 650 | _aFEMINISM | ||
| 650 | _aGender based violence | ||
| 942 | _cBK | ||
| 999 |
_c4529 _d4529 |
||